000 00927nam a2200253Ia 4500
003 OSt
005 20221005112424.0
006 a|||||r|||| 00| 0
007 ta
008 221004b |||||||| |||| 00| 0 pan d
020 _a9789383437252 (hbk)
_cINR 250.00
024 _a35750
037 _b1004, 13/11/2017, H.K. Prakashan
_cTextual
040 _aCRL
_cCRL
_bpan
041 _2pan
_apan
082 _aNT4443, 153Q7
100 _aਥੂਹੀ, ਹਰਦਿਆਲ, ਂਚ.
245 0 _aਪੰਜਾਬ ਦੀ ਲੋਕ ਕਲਾ ਨਕਲਾਂ ਤੇ ਨਕਲੀਏ
260 _aਚੰਡੀਗੜ
_bਪੰਜਾਬ ਸੰਗੀਤ ਨਾਟਕ ਅਕਾਦਮੀ ਭਾਰਤ
_c2017
300 _a136ਪੰ
_ccm.
650 _aਰੰਗਮੰਚ
942 _hNT4443, 153Q7
_cTEXL
_2cc
999 _c1024845
_d1024845